GR1 OOII Sede - Estadísticas

Estadísticas generales
  • Esta prueba ha sido intentada 8 veces
  • La puntuación promedio es 40 de 63
Estadísticas de respuestas
Hint Respuesta % Correcto
OTAN Bruselas
100%
Comité Militar Bruselas
100%
Consejo de Europa Estrasburgo
100%
TEDH Estrasburgo
100%
Comisario Europeo DDHH Estrasburgo
100%
OMI Londres
100%
BERD Londres
100%
ONU Turismo Madrid
100%
PNUD Nueva York
100%
GNUDS Nueva York
100%
UNICEF Nueva York
100%
FNUAPoblación Nueva York
100%
ONU Mujeres Nueva York
100%
UNESCO Paris
100%
OCDE París
100%
FAO Roma
100%
FIDA Roma
100%
OCS Shanghai
100%
NBD Shanghai
100%
OEA Washington
100%
BID Washington
100%
Unión Africana Addis Abeba
67%
UPU Berna
67%
OIT Ginebra
67%
OMS Ginebra
67%
ANUDH Ginebra
67%
ACNUR Ginebra
67%
OIM Ginebra
67%
UIT Ginebra
67%
UCTAD Ginebra
67%
BEI Luxemburgo
67%
OACI Montreal
67%
BAs Inv e Infraestruc Pekin
67%
APEC Singapur
67%
ODHIR Varsovia
67%
AIEA Viena
67%
OSCE Viena
67%
Libertad Medios Viena
67%
ONUDI Viena
67%
BAfD Abiyán
33%
UNRWA Amán
33%
Tribunal Derechos Humanos y Pueblos Arusha
33%
Liga Árabe Cairo
33%
Caricom Georgetown
33%
AC Minorías La Haya
33%
CAN Lima
33%
BAsD Manila
33%
SACEUR Mons
33%
Mercosur Montevideo
33%
UEEA Moscú, Minsk y Almaty
33%
PNUMA Nairobi
33%
SACT Norfolk, VA
33%
CELAC No tiene
33%
Alianza Pacífico No tiene
33%
BRICS No tiene
33%
UMA Rabat
33%
CCG Riad
33%
SICA San Salvador
33%
ASEAN Yakarta
33%
OCI Yidda
33%
CEDEAO Abuya
0%
ZLCCAf Acra
0%
ASACR Katmandú
0%
No se encontraron pruebas coincidentes
Distribución de puntuación
Porcentaje de gente con cada puntuación
Porcentaje por número respondido
Historial de tus puntuaciones
No has intentado esta prueba.